Bản vẽ kỹ thuật tiêu chuẩn quốc tế
Sách gồm 44 Tiêu chuẩn quốc tế về bản vẽ kỹ thuật nói chung và bản vẽ kỹ thuật cơ khí nói riêng: Tiêu chuẩn chung về bản vẽ kỹ thuật, biểu diễn quy ước và đơn giản hóa, ghi các chỉ dẫn trên bản vẽ kỹ thuật, ký hiệu bằng hình vẽ - sơ...
Gorde:
| Formatua: | Liburua |
|---|---|
| Hizkuntza: | Undetermined |
| Argitaratua: |
Hà Nội
Giáo Dục
1998
|
| Gaiak: | |
| Etiketak: |
Etiketa erantsi
Etiketarik gabe, Izan zaitez lehena erregistro honi etiketa jartzen!
|
| Thư viện lưu trữ: | Trung tâm Học liệu Trường Đại học Cần Thơ |
|---|
| LEADER | 00980nam a2200193Ia 4500 | ||
|---|---|---|---|
| 001 | CTU_28503 | ||
| 008 | 210402s9999 xx 000 0 und d | ||
| 020 | |b 28.000đ | ||
| 082 | |a 604.2 | ||
| 082 | |b B105 | ||
| 245 | 0 | |a Bản vẽ kỹ thuật tiêu chuẩn quốc tế | |
| 245 | 0 | |c Trần Hữu Quế, Nguyễn Văn Tuấn ( dịch ) | |
| 260 | |a Hà Nội | ||
| 260 | |b Giáo Dục | ||
| 260 | |c 1998 | ||
| 520 | |a Sách gồm 44 Tiêu chuẩn quốc tế về bản vẽ kỹ thuật nói chung và bản vẽ kỹ thuật cơ khí nói riêng: Tiêu chuẩn chung về bản vẽ kỹ thuật, biểu diễn quy ước và đơn giản hóa, ghi các chỉ dẫn trên bản vẽ kỹ thuật, ký hiệu bằng hình vẽ - sơ đồ | ||
| 650 | |a Engineering design,Engineering drawings,Mechanical drawing | ||
| 904 | |i Minh, QHieu | ||
| 980 | |a Trung tâm Học liệu Trường Đại học Cần Thơ | ||